[Event "Moscow op-C"]
[Site "Moscow"]
[Date "2011.02.01"]
[Round "4"]
[White "Gutenev, Alexander"]
[Black "Piskun, Alexey"]
[Result "1-0"]
[WhiteElo "2328"]
[BlackElo "2213"]
[PlyCount "103"]
[EventDate "2011.01.29"]
[EventType "swiss"]
[EventRounds "9"]
[EventCountry "RUS"]
[SourceTitle "EXT 2012"]
[Source "ChessBase"]
[SourceDate "2011.11.24"]
[SourceVersion "1"]
[SourceVersionDate "2011.11.24"]
[SourceQuality "1"]

1. e4 c5 2. Nf3 Nc6 3. d4 cxd4 4. Nxd4 Qb6 5. Nb3 Nf6 6. Nc3 e6 7. Bd3 Bb4 8. 0-0 Bxc3 9. bxc3 0-0 10. Bg5 Ne8 11. Qh5 e5 12. Rad1 d6 13. Bc4 Qc7 14. Rd3 Ne7 15. Nd2 Ng6 16. Rd1 Kh8 17. Bb3 f6 18. Rf3 Qe7 19. Be3 b5 20. Nf1 Nc7 21. Ng3 Rd8 22. Nf5 Bxf5 23. Rxf5 Ne6 24. g3 Ngf4 25. Qh4 Ng6 26. Qh3 Ngf8 27. Rf3 Rac8 28. Bc1 a5 29. Qf1 a4 30. Bd5 Nc7 31. Ba3 Nfe6 32. Re3 Nc5 33. Rd2 Rb8 34. Qd1 N7a6 35. Bb4 Nxb4 36. cxb4 Na6 37. a3 Rbc8 38. Red3 Rc7 39. Ba2 Rc6 40. c4 Nc7 41. c5 Ne8 42. Kg2 g6 43. h4 Kg7 44. h5 f5 45. exf5 gxf5 46. Rd5 Nf6 47. Rxd6 Rcxd6 48. Rxd6 Rb8 49. Qf3 f4 50. Re6 Qc7 51. h6+ Kg6 52. Qg4+ 1-0

[Event "Moscow op-C"]
[Site "Moscow"]
[Date "2011.01.29"]
[Round "1"]
[White "Piskun, Alexey"]
[Black "Kharitonov, Alexandr"]
[Result "0-1"]
[WhiteElo "2213"]
[BlackElo "2552"]
[PlyCount "76"]
[EventDate "2011.01.29"]
[EventType "swiss"]
[EventRounds "9"]
[EventCountry "RUS"]
[SourceTitle "EXT 2012"]
[Source "ChessBase"]
[SourceDate "2011.11.24"]
[SourceVersion "1"]
[SourceVersionDate "2011.11.24"]
[SourceQuality "1"]

1. e4 c6 2. Nc3 d5 3. Nf3 Bg4 4. h3 Bxf3 5. Qxf3 e6 6. d4 Nf6 7. Bg5 h6 8. Bh4 Bb4 9. Bxf6 Qxf6 10. Qxf6 gxf6 11. exd5 cxd5 12. 0-0-0 Nd7 13. Ne2 Bd6 14. g4 h5 15. Bg2 Rg8 16. Bf3 hxg4 17. hxg4 Rc8 18. Kb1 b5 19. c3 a5 20. Rc1 Ke7 21. b3 Ba3 22. Rc2 Rc7 23. Nf4 Nb6 24. Re1 Kd6 25. Nh5 Rcc8 26. Re3 b4 27. Nxf6 bxc3 28. g5 Nc4 29. bxc4 Rb8+ 30. Ka1 Bb2+ 31. Kb1 Ba3+ 32. Ka1 Rb7 33. c5+ Kc6 34. Re1 Bb2+ 35. Rxb2 Rxb2 36. Ne4 dxe4 37. Bxe4+ Kc7 38. f3 Rxg5 0-1

[Event "Moscow-ch U18"]
[Site "Moscow"]
[Date "2010.12.06"]
[Round "8"]
[White "Piskun, Alexey"]
[Black "Gvanceladze, Anna"]
[Result "1/2-1/2"]
[WhiteElo "2204"]
[BlackElo "2138"]
[PlyCount "127"]
[EventDate "2010.11.21"]
[EventType "swiss"]
[EventRounds "9"]
[EventCountry "RUS"]
[SourceTitle "EXT 2012"]
[Source "ChessBase"]
[SourceDate "2011.11.24"]
[SourceVersion "1"]
[SourceVersionDate "2011.11.24"]
[SourceQuality "1"]

1. e4 c6 2. d4 d5 3. exd5 cxd5 4. Bd3 Nc6 5. c3 Qc7 6. Ne2 Bg4 7. f3 Bh5 8. Bf4 Qd7 9. Nd2 e6 10. Nb3 Bd6 11. Qd2 Nge7 12. Bxd6 Qxd6 13. Qf4 Qxf4 14. Nxf4 Bg6 15. Bb5 a6 16. Be2 b6 17. Kd2 Kd7 18. a4 a5 19. Rhe1 Nf5 20. g3 Nd6 21. h4 f6 22. Bf1 Rhe8 23. h5 Bf7 24. Bh3 Nc4+ 25. Kc1 Kd6 26. Nd2 Nxd2 27. Kxd2 e5 28. dxe5+ fxe5 29. Ng2 Bxh5 30. f4 exf4 31. Nxf4 Ne5 32. Kc2 Bf3 33. Bf1 Nc4 34. b3 Ne3+ 35. Kd2 Nxf1+ 36. Rxf1 Bg4 37. Rh1 h6 38. Rh4 Bf3 39. Rf1 Be4 40. Nh5 Ra7 41. Rhf4 Bg6 42. g4 Bxh5 43. gxh5 Re5 44. Rf7 Rae7 45. R1f2 Rxh5 46. Rf8 Rhe5 47. Rd8+ Kc7 48. Rff8 R5e6 49. Rxd5 Rd6 50. Rd4 Rxd4+ 51. cxd4 g6 52. Rf6 Rg7 53. Ke3 h5 54. Kf3 g5 55. d5 g4+ 56. Kg2 Rg5 57. Rf7+ Kd6 58. Rf6+ Kxd5 59. Rxb6 Kd4 60. b4 axb4 61. Rxb4+ Ke3 62. Rb5 Rg6 63. Rxh5 Kf4 64. Rb5 1/2-1/2

[Event "Moscow-ch U18"]
[Site "Moscow"]
[Date "2010.12.02"]
[Round "6"]
[White "Piskun, Alexey"]
[Black "Markevich, Arseniy"]
[Result "1-0"]
[WhiteElo "2204"]
[BlackElo "2014"]
[PlyCount "75"]
[EventDate "2010.11.21"]
[EventType "swiss"]
[EventRounds "9"]
[EventCountry "RUS"]
[SourceTitle "EXT 2012"]
[Source "ChessBase"]
[SourceDate "2011.11.24"]
[SourceVersion "1"]
[SourceVersionDate "2011.11.24"]
[SourceQuality "1"]

1. e4 e6 2. d4 d5 3. Nc3 Nf6 4. e5 Ng8 5. Nf3 b6 6. Bd3 Ba6 7. 0-0 c5 8. dxc5 bxc5 9. Ng5 Bxd3 10. Qxd3 h6 11. Qh3 Ne7 12. Rd1 Qd7 13. Qh5 g6 14. Qh3 Bg7 15. Nge4 Bxe5 16. Bf4 Bg7 17. Nd6+ Kf8 18. Ndb5 e5 19. Qf3 e4 20. Qe3 Na6 21. Bd6 Bxc3 22. Qxc3 d4 23. Nxd4 cxd4 24. Qxd4 Rh7 25. Qxe4 Rd8 26. Qc4 Nb8 27. Qc5 Kg8 28. h3 Nf5 29. Bxb8 Qxd1+ 30. Rxd1 Rxd1+ 31. Kh2 f6 32. Qc8+ Kf7 33. Bxa7 Ne7 34. Qc4+ Nd5 35. Bd4 g5 36. Qxd5+ Kg6 37. Qe4+ f5 38. Qe6+ 1-0

[Event "RUS-chB U16"]
[Site "Dagomys"]
[Date "2009.04.21"]
[Round "7"]
[White "Piskun, Alexey"]
[Black "Klimkin, Denis1"]
[Result "1-0"]
[WhiteElo "2124"]
[BlackElo "2003"]
[PlyCount "67"]
[EventDate "2009.04.15"]
[EventType "swiss"]
[EventRounds "9"]
[EventCountry "RUS"]
[SourceTitle "EXT 2010"]
[Source "ChessBase"]
[SourceDate "2010.11.25"]
[SourceVersion "1"]
[SourceVersionDate "2010.11.25"]
[SourceQuality "1"]

1. d4 Nf6 2. c4 e6 3. Nc3 Bb4 4. e3 c5 5. Nge2 0-0 6. d5 d6 7. Ng3 Bxc3+ 8. bxc3 Qa5 9. Bd2 Nbd7 10. Be2 Nb6 11. 0-0 Bd7 12. e4 Rfe8 13. Bd3 Ba4 14. Qf3 Nbd7 15. Bf4 Ne5 16. Bxe5 dxe5 17. Be2 Bd7 18. Qe3 Rad8 19. h4 h6 20. f4 exd5 21. fxe5 Rxe5 22. Rxf6 gxf6 23. Nh5 Rxh5 24. Bxh5 dxe4 25. Rf1 Qb6 26. Qxh6 f5 27. Qg5+ Kf8 28. Rd1 e3 29. Bf3 Ke8 30. h5 Qe6 31. Re1 Qxc4 32. Rxe3+ Be6 33. Be2 Qa4 34. h6 1-0

[Event "RUS-chB U16"]
[Site "Dagomys"]
[Date "2009.04.15"]
[Round "1"]
[White "Piskun, Alexey"]
[Black "Telenkov, Artur"]
[Result "1-0"]
[WhiteElo "2124"]
[BlackElo "1786"]
[PlyCount "61"]
[EventDate "2009.04.15"]
[EventType "swiss"]
[EventRounds "9"]
[EventCountry "RUS"]
[SourceTitle "EXT 2010"]
[Source "ChessBase"]
[SourceDate "2010.11.25"]
[SourceVersion "1"]
[SourceVersionDate "2010.11.25"]
[SourceQuality "1"]

1. e4 d5 2. exd5 Nf6 3. d4 Qxd5 4. Nc3 Qd8 5. Nf3 Bg4 6. Bc4 e6 7. h3 Bh5 8. g4 Bg6 9. Qe2 Be7 10. Be3 Nbd7 11. 0-0-0 Nb6 12. Bb3 Nfd5 13. Nxd5 Nxd5 14. Ne5 Be4 15. Rhe1 Bh4 16. Bd2 Bg6 17. Qb5+ Kf8 18. Re2 Nb6 19. f4 a6 20. Nxg6+ hxg6 21. Qd3 Bf6 22. Bb4+ Be7 23. Bd2 Bf6 24. f5 gxf5 25. gxf5 exf5 26. Bb4+ Kg8 27. Qxf5 Qd7 28. Qf1 a5 29. Re7 Qc6 30. Bxf7+ Kh7 31. Qf5+ 1-0

[Event "Moscow op-B"]
[Site "Moscow"]
[Date "2009.02.06"]
[Round "7"]
[White "Safoev, Zarif"]
[Black "Piskun, Alexey"]
[Result "0-1"]
[WhiteElo "1959"]
[BlackElo "2095"]
[PlyCount "50"]
[EventDate "2009.01.31"]
[EventType "swiss"]
[EventRounds "9"]
[EventCountry "RUS"]
[SourceTitle "EXT 2012"]
[Source "ChessBase"]
[SourceDate "2011.11.24"]
[SourceVersion "1"]
[SourceVersionDate "2011.11.24"]
[SourceQuality "1"]

1. e4 c5 2. Nf3 Nc6 3. d4 cxd4 4. Nxd4 Qb6 5. Nb3 Nf6 6. Nc3 e6 7. Be3 Qc7 8. a3 a6 9. Be2 Be7 10. 0-0 0-0 11. f4 d6 12. Bf3 Rb8 13. a4 b6 14. Qe2 Na5 15. Nxa5 bxa5 16. Rab1 Rb4 17. Qd3 Bb7 18. b3 Rc8 19. Na2 Bxe4 20. Bxe4 Rxe4 21. c4 d5 22. Bd2 dxc4 23. bxc4 Qc5+ 24. Kh1 Qxc4 25. Qf3 Qxa2 0-1

[Event "Moscow Petrosian Memorial U18"]
[Site "Moscow"]
[Date "2009.01.??"]
[Round "6"]
[White "Piskun, Alexey"]
[Black "Voit, Daria"]
[Result "1/2-1/2"]
[WhiteElo "2095"]
[BlackElo "2314"]
[PlyCount "82"]
[EventDate "2009.01.??"]
[EventType "swiss"]
[EventRounds "9"]
[EventCountry "RUS"]
[SourceTitle "EXT 2010"]
[Source "ChessBase"]
[SourceDate "2010.11.25"]
[SourceVersion "1"]
[SourceVersionDate "2010.11.25"]
[SourceQuality "1"]

1. d4 d5 2. c4 e6 3. Nc3 Be7 4. Nf3 Nf6 5. Bg5 h6 6. Bh4 0-0 7. e3 b6 8. cxd5 Nxd5 9. Bxe7 Qxe7 10. Rc1 Bb7 11. Nxd5 exd5 12. Bd3 c5 13. 0-0 Nd7 14. Qa4 Rfc8 15. dxc5 bxc5 16. Ba6 Bxa6 17. Qxa6 Qe6 18. Qd3 Rab8 19. b3 Rb4 20. Rfd1 Nf6 21. Qc3 Rb7 22. Rc2 Qb6 23. Rd4 Rbc7 24. Rd1 a5 25. Rdc1 Qb4 26. Nd2 Qb5 27. Nf3 a4 28. Ne5 Ne4 29. Qd3 Qxd3 30. Nxd3 axb3 31. axb3 c4 32. Kf1 Kf8 33. f3 Nd6 34. Nb2 Ke7 35. Ke2 Kd7 36. bxc4 Nxc4 37. Nd3 Kd6 38. Nf2 f5 39. Rd1 Re8 40. e4 fxe4 41. fxe4 Nb6 1/2-1/2

[Event "Pardubice Infinity op 19th"]
[Site "Pardubice"]
[Date "2008.07.14"]
[Round "5"]
[White "Gurkin, Anton"]
[Black "Piskun, Alexey"]
[Result "1-0"]
[WhiteElo "2158"]
[BlackElo "2021"]
[PlyCount "59"]
[EventDate "2008.07.11"]
[EventType "swiss"]
[EventRounds "7"]
[EventCountry "CZE"]
[SourceTitle "CBM 125 Extra"]
[Source "ChessBase"]
[SourceDate "2008.09.01"]
[SourceVersion "1"]
[SourceVersionDate "2008.09.01"]
[SourceQuality "1"]

1. e4 c5 2. b4 cxb4 3. a3 bxa3 4. d4 d6 5. Bd3 Nf6 6. Ne2 Nbd7 7. 0-0 e5 8. c3 Be7 9. Nxa3 0-0 10. f4 a6 11. Kh1 Qc7 12. Nc2 Re8 13. Ne3 Bf8 14. fxe5 dxe5 15. Qb3 b5 16. Ng3 Bb7 17. d5 Rac8 18. Bd2 g6 19. Qd1 Bh6 20. Qf3 Bf4 21. Ne2 Nc5 22. Bc2 Nh5 23. g4 Nf6 24. Be1 Red8 25. Bh4 Rd6 26. Rad1 a5 27. g5 Nh5 28. Ng4 b4 29. cxb4 axb4 30. Ng3 1-0

[Event "Moscow Petrosian Memorial U18"]
[Site "Moscow"]
[Date "2008.01.??"]
[Round "5"]
[White "Aldokhin, Ivan"]
[Black "Piskun, Alexey"]
[Result "1-0"]
[WhiteElo "2172"]
[BlackElo "2072"]
[PlyCount "39"]
[EventDate "2008.01.??"]
[EventType "swiss"]
[EventRounds "9"]
[EventCountry "RUS"]
[SourceTitle "CBM 122 Extra"]
[Source "ChessBase"]
[SourceDate "2008.03.04"]
[SourceVersion "1"]
[SourceVersionDate "2008.03.04"]
[SourceQuality "1"]

1. e4 c6 2. d4 d5 3. Nc3 dxe4 4. Nxe4 Nd7 5. Nf3 Ngf6 6. Ng3 e6 7. Bd3 Bd6 8. 0-0 0-0 9. Re1 b6 10. Ne5 Qc7 11. Qe2 Bb7 12. Bg5 Rfe8 13. Nh5 Nxe5 14. Nxf6+ gxf6 15. dxe5 fxg5 16. exd6 Qxd6 17. Qh5 Qf4 18. Qh6 c5 19. Bxh7+ Kh8 20. Be4+ 1-0

[Event "Moscow Petrosian Memorial U18"]
[Site "Moscow"]
[Date "2008.01.??"]
[Round "4"]
[White "Piskun, Alexey"]
[Black "Eliseev, Urii"]
[Result "1/2-1/2"]
[WhiteElo "2072"]
[BlackElo "2138"]
[PlyCount "87"]
[EventDate "2008.01.??"]
[EventType "swiss"]
[EventRounds "9"]
[EventCountry "RUS"]
[SourceTitle "CBM 122 Extra"]
[Source "ChessBase"]
[SourceDate "2008.03.04"]
[SourceVersion "1"]
[SourceVersionDate "2008.03.04"]
[SourceQuality "1"]

1. e4 c6 2. d4 d5 3. Nd2 dxe4 4. Nxe4 Bf5 5. Ng3 Bg6 6. h4 h6 7. f4 Nd7 8. Nf3 Qb6 9. h5 Bh7 10. Bd3 Bxd3 11. Qxd3 0-0-0 12. Qb3 e6 13. Bd2 Ngf6 14. 0-0-0 Qxb3 15. axb3 Bd6 16. Ne5 Rhf8 17. b4 Nd5 18. c3 f6 19. Ng6 Rfe8 20. Ne4 Bc7 21. g4 Nf8 22. Nxf8 Rxf8 23. Rhf1 b6 24. f5 e5 25. c4 Ne7 26. dxe5 Bxe5 27. Bc3 Bxc3 28. bxc3 Kc7 29. Kc2 Nc8 30. c5 Rxd1 31. Rxd1 Re8 32. Rd4 Rd8 33. Kd3 Rd7 34. cxb6+ axb6 35. Nf2 Rxd4+ 36. Kxd4 Nd6 37. c4 Nf7 38. Nd3 Kd7 39. c5 b5 40. Ke4 Nd8 41. Nc1 Nf7 42. Nd3 Nd8 43. Nc1 Nf7 44. Nd3 1/2-1/2

[Event "Moscow Petrosian Memorial U18"]
[Site "Moscow"]
[Date "2008.01.??"]
[Round "1"]
[White "Sysoykina, Lidia"]
[Black "Piskun, Alexey"]
[Result "0-1"]
[WhiteElo "1737"]
[BlackElo "2072"]
[PlyCount "78"]
[EventDate "2008.01.??"]
[EventType "swiss"]
[EventRounds "9"]
[EventCountry "RUS"]
[SourceTitle "CBM 122 Extra"]
[Source "ChessBase"]
[SourceDate "2008.03.04"]
[SourceVersion "1"]
[SourceVersionDate "2008.03.04"]
[SourceQuality "1"]

1. e4 c5 2. Nf3 Nc6 3. d4 cxd4 4. Nxd4 Qb6 5. Nb3 Nf6 6. Nc3 e6 7. Be3 Qc7 8. Qd2 a6 9. 0-0-0 d6 10. f3 Be7 11. g4 b5 12. g5 Nd7 13. h4 Bb7 14. h5 Nce5 15. Be2 Rc8 16. f4 b4 17. Nd5 exd5 18. fxe5 dxe5 19. g6 d4 20. Bg4 Bxe4 21. Bxd7+ Qxd7 22. gxf7+ Kf8 23. Nxd4 exd4 24. Bxd4 Rxc2+ 25. Qxc2 Bg5+ 26. Kb1 Bxc2+ 27. Kxc2 Qc6+ 28. Kb1 Kxf7 29. Rhf1+ Bf6 30. h6 Qe4+ 31. Ka1 Rd8 32. hxg7 Rxd4 33. Rde1 Qxe1+ 34. Rxe1 Kxg7 35. Kb1 Rd2 36. b3 Rb2+ 37. Kc1 Rxa2 38. Re4 a5 39. Rc4 h5 0-1

[Event "Moscow Petrosian Memorial U18"]
[Site "Moscow"]
[Date "2007.01.??"]
[Round "3"]
[White "Paikidze, Nazi"]
[Black "Piskun, Alexey"]
[Result "1-0"]
[WhiteElo "2167"]
[BlackElo "1999"]
[PlyCount "113"]
[EventDate "2007.01.??"]
[EventType "swiss"]
[EventRounds "9"]
[EventCountry "RUS"]
[SourceTitle "EXT 2008"]
[Source "ChessBase"]
[SourceDate "2007.11.25"]
[SourceVersion "1"]
[SourceVersionDate "2007.11.25"]
[SourceQuality "1"]

1. d4 d5 2. c4 dxc4 3. Nf3 Nf6 4. e3 e6 5. Bxc4 c5 6. Qe2 a6 7. dxc5 Bxc5 8. 0-0 0-0 9. Nc3 b5 10. Bd3 Bb7 11. Rd1 Nbd7 12. h3 Qe7 13. e4 h6 14. a3 Rac8 15. Be3 Rfd8 16. Bxc5 Nxc5 17. Bc2 e5 18. Qe3 Qc7 19. Rac1 Rxd1+ 20. Rxd1 Ne6 21. Bb3 Nc5 22. Bd5 Bxd5 23. Nxd5 Nxd5 24. Rxd5 f6 25. Rd2 Ne6 26. g3 Rd8 27. Qb3 Kf7 28. Kg2 Rxd2 29. Nxd2 Qc5 30. Nb1 Ke7 31. Nc3 Qc4 32. Qd1 Nd4 33. Qg4 Ne6 34. Qd1 Nd4 35. Qg4 Ne6 36. Nd5+ Kd6 37. Ne3 Qc6 38. Nf5+ Kc5 39. Ne7 Qd7 40. Nd5 Kd6 41. Qd1 Nd4 42. Ne3 Ke7 43. Nd5+ Kd6 44. Qh5 Ne6 45. Qf3 Nd4 46. Qc3 Qc6 47. Qb4+ Qc5 48. Qa5 Qc6 49. Qd8+ Kc5 50. Qa5 Kd6 51. Qb4+ Qc5 52. Qa5 Qc6 53. Qd8+ Kc5 54. Qe7+ Kc4 55. Qb4+ Kd3 56. Qe1 Kc4 57. Qc3# 1-0

[Event "Moscow Petrosian Memorial U18"]
[Site "Moscow"]
[Date "2007.01.??"]
[Round "1"]
[White "Piskun, Alexey"]
[Black "Aldokhin, Ivan"]
[Result "0-1"]
[WhiteElo "1955"]
[BlackElo "2178"]
[PlyCount "98"]
[EventDate "2007.01.??"]
[EventType "swiss"]
[EventRounds "9"]
[EventCountry "RUS"]
[SourceTitle "EXT 2008"]
[Source "ChessBase"]
[SourceDate "2007.11.25"]
[SourceVersion "1"]
[SourceVersionDate "2007.11.25"]
[SourceQuality "1"]

1. e4 c5 2. Nf3 e6 3. d4 cxd4 4. Nxd4 a6 5. Bd3 Qc7 6. 0-0 Nf6 7. Be3 d6 8. a4 b6 9. Nc3 Bb7 10. f4 Nbd7 11. Nb3 Be7 12. Qe2 0-0 13. Kh1 Nc5 14. Nxc5 bxc5 15. Bg1 d5 16. e5 Nd7 17. b3 Rfe8 18. Rae1 f5 19. Nb1 Nf8 20. Nd2 Ng6 21. c3 Nh4 22. Nf3 Ng6 23. Nd2 Qa5 24. Rc1 Rac8 25. Qh5 Qc7 26. Qe2 Qc6 27. Be3 Red8 28. Rf3 c4 29. bxc4 dxc4 30. Bc2 Bc5 31. Rf2 Bxe3 32. Qxe3 Ne7 33. Nf3 Nd5 34. Qd2 Qc5 35. Ng5 Qe7 36. Rb1 Ba8 37. Nf3 Qa3 38. Rd1 Qxc3 39. Ng5 Qxd2 40. Rfxd2 Re8 41. Rd4 Ne3 42. R1d2 c3 43. Re2 Nxc2 44. Rxc2 h6 45. Nf3 Be4 46. Rc1 c2 47. Nd2 Red8 48. Nb3 Rxd4 49. Nxd4 Rd8 0-1